000 00321nam a2200121Ia 4500
008 220204s9999 xx 000 0 und d
082 _a577.1
_bANN.57
245 0 _aAnnual review of biochemistry. V 57.
260 _aCalifornia
_bAnnual Reviews Inc
_c1988
650 _aBiochemistry
650 _aGlycobiology
942 _cBK
999 _c32609
_d32609